000 00509nam a2200181Ia 4500
003 GCL
008 140319s9999 xx 000 0 ara d
040 _aGCL /
_cGCL
082 0 4 _a398.1
_bف ب
100 1 _aفوزى العنتيل
245 1 0 _aبين الفولكلور و الثقافة الشعبية /
_cفوزى العنتيل
300 _a406 ص
490 _a
650 0 4 _aالفولكلور
650 0 4 _aالادب الشعبى
650 0 4 _aالازياء الشعبية
942 _2ddc
_cBK
999 _c40867
_d40867